00308nam a2200121Ia 45000030006000000080041000060400015000471000019000622450042000812600034001235460012001570050017001690STCL150530s9999 xx 000 0 und d aSTCLcSTCL aBharucha, F.R. aText book of plant geography of India bOxford University pressc1983 aEnglish20220125170323.0